| 000 | 00921 a2200169 4500 | ||
|---|---|---|---|
| 003 | Nust | ||
| 005 | 20221208100245.0 | ||
| 020 | _a8120325591 | ||
| 040 | _cNust | ||
| 082 | _a621.382,NII | ||
| 245 |
_aCommunication systems / _cNIIT |
||
| 260 |
_aPrentice-Hall of India _bNew Delhi _c2004 |
||
| 300 |
_aix, 458 p. _billus _c24 cm |
||
| 505 | _aIntroduction to digital communications (Page-1), Coding in digital communication systems (Page-55), Digital modulation techniques (Page-97), Cellular and spread spectrum communications (Page-145), Data communication and multiplexing architectures(page 185), Wave propagation and satellite communications (Page-223), Transmission lines and wave guides (Page-259), Antenna propagation and radar (Page-311), Microwave communication (Page-343), Lasers and fibre optic communications (Page-383), Glossary (Page-453). | ||
| 650 | _aTelecommunication Engineering | ||
| 942 |
_2ddc _cBK |
||
| 999 |
_c188216 _d188216 |
||